[Event "DEM U12/U12w 2015"]
[Site "Willingen GER"]
[Date "2015.05.29"]
[Round "10"]
[White "Wu, Luka"]
[Black "Biermann, Lenhard"]
[Result "0-1"]
[Termination "normal"]
[Board "10"]
[WhiteElo "1580"]
[BlackElo "1622"]
[PlyCount "76"]
[WhiteFideId "12977420"]
[BlackFideId "12970077"]
[EventCountry "GER"]
[EventRounds "11"]
[EventType "swiss"]
[EventDate "2015.05.23"]

1. e4 e6 2. d4 d5 3. Nc3 Bb4 4. e5 c5 5. a3 Ba5 6. Nf3 Nc6 7. Be2 cxd4 8. Nxd4
Nxe5 9. O-O Nf6 10. Bf4 Ng6 11. Bg3 a6 12. b4 Bc7 13. Na4 Bxg3 14. fxg3 O-O 15.
Nc5 b6 16. Ncb3 Bd7 17. c4 dxc4 18. Bxc4 Ne5 19. Be2 Nd5 20. Qd2 Bc8 21. Rfe1
Qd6 22. Qe3 Nxe3 23. Bxa6 Bxa6 24. Rxe3 Nc6 25. Nxc6 Qxc6 26. Nd4 Qc7 27. Ree1
Rac8 28. Nf3 h6 29. Ne5 Rfd8 30. h3 Rd5 31. Nf3 Qxg3 32. Rec1 Rxc1+ 33. Rxc1
Rd3 34. Rf1 Rxa3 35. Rd1 Rxf3 36. Kh1 Rf1+ 37. Rxf1 Bxf1 38. Kg1 Qxg2# 0-1

[Event "DEM U12/U12w 2015"]
[Site "Willingen GER"]
[Date "2015.05.29"]
[Round "10"]
[White "Röhr, Tobias"]
[Black "Sulayev, Daniel"]
[Result "0-1"]
[Termination "normal"]
[Board "11"]
[WhiteElo "1742"]
[BlackElo "1709"]
[PlyCount "60"]
[WhiteFideId "12963089"]
[BlackFideId "12977675"]
[EventCountry "GER"]
[EventRounds "11"]
[EventType "swiss"]
[EventDate "2015.05.23"]

1. d4 Nf6 2. c4 c5 3. d5 b5 4. cxb5 a6 5. bxa6 g6 6. Nc3 Bxa6 7. Nf3 Bg7 8. e4
Bxf1 9. Kxf1 d6 10. g3 O-O 11. Kg2 Nbd7 12. Qe2 Qa5 13. Bd2 Rfb8 14. Rab1 Ng4
15. Ng5 Ngf6 16. h4 Nb6 17. f4 Na4 18. a3 Nxb2 19. Nd1 Qxa3 20. Bc1 Qd3 21.
Qxd3 Nxd3 22. Rxb8+ Rxb8 23. Nf2 Nxf2 24. Kxf2 h6 25. Nf3 Nxe4+ 26. Kg2 Rb1 27.
Re1 f5 28. Nd2 Bc3 29. Rxe4 Rxc1 30. Nb3 Rc2+ 0-1

[Event "DEM U12/U12w 2015"]
[Site "Willingen GER"]
[Date "2015.05.29"]
[Round "10"]
[White "Asadzade, Idris"]
[Black "Henning, Marvin"]
[Result "1/2-1/2"]
[Termination "normal"]
[Board "12"]
[WhiteElo "1746"]
[BlackElo "1791"]
[PlyCount "64"]
[WhiteFideId "12997285"]
[BlackFideId "12957399"]
[EventCountry "GER"]
[EventRounds "11"]
[EventType "swiss"]
[EventDate "2015.05.23"]

1. Nf3 Nf6 2. c4 c5 3. g3 g6 4. Bg2 Bg7 5. O-O O-O 6. Nc3 Nc6 7. d4 cxd4 8.
Nxd4 Qb6 9. Nc2 d6 10. b3 Bf5 11. Bb2 Rfd8 12. Ne3 Be6 13. Ned5 Bxd5 14. cxd5
Nb8 15. Rc1 Nbd7 16. Na4 Qa6 17. Re1 b5 18. Nc3 Qb6 19. Qd2 Rac8 20. Ne4 a6 21.
Nxf6+ Nxf6 22. Bd4 Qb7 23. Bxf6 Bxf6 24. e4 b4 25. Bh3 Rc3 26. f4 Qb6+ 27. Kh1
Bd4 28. Rcd1 Be3 29. Qe2 Bf2 30. Rf1 Bd4 31. Qd2 Be3 32. Qe2 Bd4 1/2-1/2

[Event "DEM U12/U12w 2015"]
[Site "Willingen GER"]
[Date "2015.05.29"]
[Round "10"]
[White "Breitzmann, Sander"]
[Black "Longo, Massimo"]
[Result "1-0"]
[Termination "normal"]
[Board "13"]
[WhiteElo "1415"]
[BlackElo "1628"]
[PlyCount "43"]
[WhiteFideId "12987085"]
[BlackFideId "16205227"]
[EventCountry "GER"]
[EventRounds "11"]
[EventType "swiss"]
[EventDate "2015.05.23"]

1. e4 d6 2. d4 Nf6 3. Nc3 e5 4. dxe5 dxe5 5. Qxd8+ Kxd8 6. Bg5 Be6 7. Nf3 Bd6
8. O-O-O Ke7 9. Nd5+ Bxd5 10. Rxd5 h6 11. Bxf6+ Kxf6 12. Bc4 Nd7 13. Bb3 Nb6
14. Rd3 Rad8 15. Rhd1 Be7 16. Nh4 Kg5 17. Nf5 Bd6 18. Rg3+ Kf6 19. Rxg7 Rd7 20.
Rd3 c5 21. Rxf7+ Kg6 22. Rxd7 1-0

[Event "DEM U12/U12w 2015"]
[Site "Willingen GER"]
[Date "2015.05.29"]
[Round "10"]
[White "Kopylov, Daniel"]
[Black "Bosselmann, Tom Linus"]
[Result "1/2-1/2"]
[Termination "normal"]
[Board "14"]
[WhiteElo "1812"]
[BlackElo "1720"]
[PlyCount "62"]
[WhiteFideId "12921971"]
[BlackFideId "12983845"]
[EventCountry "GER"]
[EventRounds "11"]
[EventType "swiss"]
[EventDate "2015.05.23"]

1. e4 c5 2. Nf3 e6 3. d4 cxd4 4. Nxd4 a6 5. Bd3 Qb6 6. Nb3 Qc7 7. O-O Nf6 8. c4
d6 9. Nc3 Be7 10. f4 Nbd7 11. Kh1 h5 12. f5 h4 13. fxe6 fxe6 14. h3 Nh5 15. Bf4
e5 16. Nd5 Qd8 17. Bh2 Ndf6 18. c5 Ng3+ 19. Bxg3 hxg3 20. Nxe7 Qxe7 21. cxd6
Qd7 22. Kg1 Qc6 23. Rf3 Qb6+ 24. Kf1 Bg4 25. Nd2 Bxf3 26. Qxf3 Qxb2 27. Rd1 Rf8
28. Kg1 Qd4+ 29. Kh1 Qf2 30. Qxf2 gxf2 31. Nf3 Nd7 1/2-1/2

[Event "DEM U12/U12w 2015"]
[Site "Willingen GER"]
[Date "2015.05.29"]
[Round "10"]
[White "Dietz, Florian"]
[Black "Wu, Leon"]
[Result "0-1"]
[Termination "normal"]
[Board "15"]
[WhiteElo "1844"]
[BlackElo "1574"]
[PlyCount "44"]
[WhiteFideId "12939897"]
[BlackFideId "12977438"]
[EventCountry "GER"]
[EventRounds "11"]
[EventType "swiss"]
[EventDate "2015.05.23"]

1. e4 e5 2. Nf3 Nc6 3. Bc4 Bc5 4. c3 Nf6 5. d3 d6 6. h3 Be6 7. Bb3 O-O 8. Nbd2
Re8 9. Nf1 d5 10. exd5 Bxd5 11. Ng3 e4 12. dxe4 Bxb3 13. Qxb3 Nxe4 14. Nxe4
Rxe4+ 15. Kf1 Qd3+ 16. Kg1 Qe2 17. Nd4 Qe1+ 18. Kh2 Qxf2 19. Rg1 Re1 20. Be3
Bd6+ 21. Kh1 Rxe3 22. Rgf1 Rxh3+ 0-1

[Event "DEM U12/U12w 2015"]
[Site "Willingen GER"]
[Date "2015.05.29"]
[Round "10"]
[White "Lieberwirth, Kasimir"]
[Black "Brückner, Alexander"]
[Result "1/2-1/2"]
[Termination "normal"]
[Board "16"]
[WhiteElo "1638"]
[BlackElo "1821"]
[PlyCount "45"]
[WhiteFideId "12988146"]
[BlackFideId "12952613"]
[EventCountry "GER"]
[EventRounds "11"]
[EventType "swiss"]
[EventDate "2015.05.23"]

1. e4 c6 2. Nf3 d5 3. Nc3 dxe4 4. Nxe4 Nf6 5. Ng3 Bg4 6. Be2 Bxf3 7. Bxf3 e6 8.
d4 Bd6 9. O-O Qc7 10. c4 Nbd7 11. Re1 O-O 12. b3 Rad8 13. Bb2 Bf4 14. Nf1 Nb6
15. g3 Bh6 16. Qc2 Nfd7 17. Rad1 g6 18. Ne3 Bg7 19. d5 cxd5 20. Bxg7 Kxg7 21.
cxd5 Qxc2 22. Nxc2 exd5 23. Bxd5 1/2-1/2

[Event "DEM U12/U12w 2015"]
[Site "Willingen GER"]
[Date "2015.05.29"]
[Round "10"]
[White "Hinrichs, Paul"]
[Black "Khamenya, Vitalia"]
[Result "1-0"]
[Termination "normal"]
[Board "17"]
[WhiteElo "1641"]
[BlackElo "1570"]
[PlyCount "169"]
[WhiteFideId "12942545"]
[BlackFideId "12959260"]
[EventCountry "GER"]
[EventRounds "11"]
[EventType "swiss"]
[EventDate "2015.05.23"]

1. d4 Nf6 2. c4 g6 3. Nc3 Bg7 4. Nf3 d6 5. e3 O-O 6. Be2 Nc6 7. O-O e5 8. b3
Nd7 9. dxe5 dxe5 10. Bb2 f5 11. Qd5+ Kh8 12. Rad1 Qe7 13. Nb5 Nf6 14. Qd2 Ne4
15. Qc2 Nb4 16. Qb1 a6 17. Nc3 Nxc3 18. Bxc3 Nc6 19. b4 Re8 20. a3 Bd7 21. Qb2
Rad8 22. b5 axb5 23. cxb5 Na7 24. a4 Nc8 25. a5 Qe6 26. Ng5 Qe7 27. Nf3 Qe6 28.
Rd2 Nd6 29. Rfd1 Ne4 30. Rd3 Nxc3 31. Rxc3 e4 32. Nd4 Qe5 33. Qc2 c6 34. Rc5
Qc7 35. b6 Qb8 36. Qb3 Bf8 37. Qb2 Bg7 38. Qa2 Bf8 39. Rcc1 Qe5 40. a6 Ra8 41.
Qf7 Qe7 42. Qxe7 Bxe7 43. axb7 Rab8 44. Ba6 c5 45. Nb5 Bc6 46. Nd6 Bxd6 47.
Rxd6 Bxb7 48. Bxb7 Rxb7 49. Rxc5 Reb8 50. Rcc6 Ra8 51. Kf1 Ra1+ 52. Ke2 Ra2+
53. Ke1 Ra1+ 54. Kd2 Ra2+ 55. Kc3 Rxf2 56. Rd8+ Kg7 57. Rc7+ Kf6 58. Rxb7 Re2
59. Rf8+ Kg5 60. Rxh7 Rxe3+ 61. Kc4 Re1 62. b7 Rc1+ 63. Kd4 Rd1+ 64. Ke5 e3 65.
b8=Q e2 66. h4+ Kg4 67. Qb4+ Kg3 68. Qf4+ Kxg2 69. Qg5+ Kh1 70. Qe3 e1=Q 71.
Qxe1+ Rxe1+ 72. Kf6 f4 73. Kxg6 Rg1+ 74. Kh5 Rf1 75. Rhf7 Kg2 76. Rxf4 Ra1 77.
Rf2+ Kg1 78. Kg4 Ra4+ 79. Kg3 Ra3+ 80. R8f3 Ra1 81. Kh3 Rb1 82. Rg2+ Kh1 83.
Rh2+ Kg1 84. Rg3+ Kf1 85. Rh1+ 1-0

[Event "DEM U12/U12w 2015"]
[Site "Willingen GER"]
[Date "2015.05.29"]
[Round "10"]
[White "Grabbel, Lennart"]
[Black "Gheng, Dominik"]
[Result "1-0"]
[Termination "normal"]
[Board "18"]
[WhiteElo "1584"]
[BlackElo "1771"]
[PlyCount "117"]
[WhiteFideId "16201620"]
[BlackFideId "12906778"]
[EventCountry "GER"]
[EventRounds "11"]
[EventType "swiss"]
[EventDate "2015.05.23"]

1. Nf3 d5 2. c4 e6 3. e3 Nf6 4. Nc3 Be7 5. b3 b6 6. Bb2 Bb7 7. d4 c5 8. dxc5
bxc5 9. cxd5 exd5 10. Na4 O-O 11. Qc2 Nbd7 12. Be2 Rc8 13. O-O Nb6 14. Ng5 h6
15. Nxb6 axb6 16. Bxf6 hxg5 17. Bb2 Rc6 18. Bf3 Rh6 19. Qf5 Bd6 20. h3 Bc8 21.
Qd3 g4 22. Bxd5 gxh3 23. g3 Qg5 24. Kh2 Rg6 25. e4 Ba6 26. Bc4 b5 27. Bd5 c4
28. Qf3 c3 29. Bc1 Qe7 30. Kxh3 Bc8+ 31. Kg2 Bg4 32. Qd3 Qd7 33. Rh1 Be5 34. f4
Bf6 35. f5 Bxf5 36. exf5 Rg4 37. Bf4 c2 38. Rac1 Rd8 39. Rxc2 Qxd5+ 40. Qxd5
Rxd5 41. Rc8+ Rd8 42. Rxd8+ Bxd8 43. Kf3 Rxf4+ 44. Kxf4 Bc7+ 45. Kf3 b4 46. g4
Kf8 47. Re1 Bd6 48. Re4 Be7 49. Ke3 g6 50. Kd4 gxf5 51. gxf5 f6 52. Kc4 Bd6 53.
Re6 Be7 54. Rxe7 Kxe7 55. Kxb4 Kd6 56. a4 Ke5 57. a5 Kxf5 58. a6 Kg4 59. a7 1-0

[Event "DEM U12/U12w 2015"]
[Site "Willingen GER"]
[Date "2015.05.29"]
[Round "10"]
[White "Grund, Sebastian"]
[Black "Huber, Benedikt"]
[Result "0-1"]
[Termination "normal"]
[Board "19"]
[WhiteElo "1810"]
[BlackElo "1729"]
[PlyCount "44"]
[WhiteFideId "12988626"]
[BlackFideId "12923583"]
[EventCountry "GER"]
[EventRounds "11"]
[EventType "swiss"]
[EventDate "2015.05.23"]

1. Nf3 b6 2. g3 Bb7 3. Bg2 e6 4. c4 f5 5. Nc3 Bb4 6. a3 Bxc3 7. bxc3 Nf6 8. d4
O-O 9. O-O Ne4 10. Qc2 c5 11. Ng5 Nd6 12. Bf4 Bxg2 13. Bxd6 Bxf1 14. Bxf8 Kxf8
15. Nxh7+ Kg8 16. Kxf1 Kxh7 17. d5 Qf6 18. Rd1 e5 19. d6 Nc6 20. Rd5 Re8 21. g4
g6 22. gxf5 Qxf5 0-1

[Event "DEM U12/U12w 2015"]
[Site "Willingen GER"]
[Date "2015.05.29"]
[Round "10"]
[White "Roho, Kevin"]
[Black "Müdder, Melanie"]
[Result "1-0"]
[Termination "normal"]
[Board "20"]
[WhiteElo "1825"]
[BlackElo "1511"]
[PlyCount "125"]
[WhiteFideId "12973734"]
[BlackFideId "12994103"]
[EventCountry "GER"]
[EventRounds "11"]
[EventType "swiss"]
[EventDate "2015.05.23"]

1. Nf3 d5 2. g3 Nf6 3. Bg2 Nc6 4. d3 h6 5. Nbd2 e5 6. e4 dxe4 7. dxe4 Bc5 8.
O-O O-O 9. c3 a6 10. Qc2 Re8 11. Nc4 b5 12. Ne3 Bb7 13. Rd1 Qe7 14. Nf5 Qf8 15.
Be3 Bxe3 16. Nxe3 Rad8 17. Ne1 Rxd1 18. Rxd1 Rd8 19. Rd2 Rxd2 20. Qxd2 Qd8 21.
Qxd8+ Nxd8 22. f3 Ne6 23. Nd3 Nd7 24. Kf2 Nec5 25. Ke2 Nxd3 26. Kxd3 Nc5+ 27.
Kd2 Kf8 28. Bf1 f6 29. c4 c6 30. cxb5 axb5 31. b3 g6 32. Kc3 Na6 33. a4 Nc7 34.
axb5 cxb5 35. Kb4 Ba6 36. Nd5 Nxd5+ 37. exd5 Ke7 38. Bxb5 Bxb5 39. Kxb5 Kd6 40.
Kc4 f5 41. b4 e4 42. fxe4 fxe4 43. Kd4 e3 44. Kxe3 Kxd5 45. Kf4 Kc4 46. Ke5
Kxb4 47. Kf6 g5 48. Kg6 Kc5 49. Kxh6 g4 50. Kg5 Kd6 51. Kxg4 Ke6 52. h4 Kf6 53.
Kh5 Kg7 54. Kg5 Kh7 55. g4 Kg7 56. Kf5 Kh7 57. g5 Kg7 58. h5 Kh7 59. Kf6 Kg8
60. g6 Kf8 61. g7+ Kg8 62. h6 Kh7 63. Kf7 1-0

[Event "DEM U12/U12w 2015"]
[Site "Willingen GER"]
[Date "2015.05.29"]
[Round "10"]
[White "Englert, Jon"]
[Black "Pahl, Erik"]
[Result "1-0"]
[Termination "normal"]
[Board "21"]
[WhiteElo "1682"]
[BlackElo "1464"]
[PlyCount "69"]
[WhiteFideId "12992275"]
[BlackFideId "16201272"]
[EventCountry "GER"]
[EventRounds "11"]
[EventType "swiss"]
[EventDate "2015.05.23"]

1. g3 d5 2. Bg2 Nf6 3. d3 e5 4. e3 Nc6 5. Ne2 Be7 6. Nd2 Be6 7. b3 Qd6 8. Bb2
O-O-O 9. a3 Ne8 10. b4 a6 11. O-O f5 12. Nb3 b6 13. Qc1 Bf7 14. f4 g6 15. e4
Ng7 16. fxe5 Nxe5 17. Qf4 Bf6 18. d4 g5 19. Qc1 dxe4 20. dxe5 Bxe5 21. Bxe5
Qxe5 22. Qxg5 Rd6 23. Qf4 Qe7 24. Nbd4 Bg6 25. Qe3 Rhd8 26. Bh3 Qd7 27. Qg5
Rxd4 28. Nxd4 Qxd4+ 29. Kh1 Qc3 30. Rac1 Rd2 31. Qe7 Kb7 32. Bg2 Ne8 33. g4 Re2
34. gxf5 Bh5 35. Qxh7 1-0

[Event "DEM U12/U12w 2015"]
[Site "Willingen GER"]
[Date "2015.05.29"]
[Round "10"]
[White "Rietschel, Tilo"]
[Black "Popist, Florian"]
[Result "1/2-1/2"]
[Termination "normal"]
[Board "23"]
[WhiteElo "1549"]
[BlackElo "1422"]
[PlyCount "53"]
[WhiteFideId "16208390"]
[BlackFideId "16203518"]
[EventCountry "GER"]
[EventRounds "11"]
[EventType "swiss"]
[EventDate "2015.05.23"]

1. d4 d5 2. Nc3 e6 3. Bf4 c5 4. e3 a6 5. a4 b6 6. Nf3 Nf6 7. Be2 Be7 8. O-O Nh5
9. Bg3 Nxg3 10. hxg3 O-O 11. Qd2 Bb7 12. Rac1 Nd7 13. Rfd1 c4 14. b3 cxb3 15.
cxb3 Rc8 16. Bd3 Bb4 17. Qb2 Rxc3 18. Rxc3 Bxc3 19. Qxc3 Qc8 20. Qd2 Qb8 21.
Qe2 a5 22. Bb5 Nf6 23. Rc1 Rc8 24. Rxc8+ Qxc8 25. Ne5 h6 26. Qb2 Ba6 27. Bxa6
1/2-1/2

[Event "DEM U12/U12w 2015"]
[Site "Willingen GER"]
[Date "2015.05.29"]
[Round "10"]
[White "Kühne, Maria"]
[Black "Heckmann, Till"]
[Result "1/2-1/2"]
[Termination "normal"]
[Board "24"]
[WhiteElo "1401"]
[BlackElo "1527"]
[PlyCount "41"]
[WhiteFideId "12997412"]
[BlackFideId "12987093"]
[EventCountry "GER"]
[EventRounds "11"]
[EventType "swiss"]
[EventDate "2015.05.23"]

1. e4 e6 2. d4 d5 3. e5 c5 4. dxc5 Bxc5 5. Bd3 Nc6 6. Nf3 f6 7. Qe2 fxe5 8.
Nxe5 Nf6 9. Nxc6 bxc6 10. O-O O-O 11. Nc3 Qc7 12. Kh1 e5 13. f3 Bd7 14. Bg5
Rae8 15. Rae1 e4 16. fxe4 Ng4 17. e5 Nf2+ 18. Rxf2 Rxf2 19. Qh5 h6 20. Bh4 Rff8
21. Qg6 1/2-1/2

[Event "DEM U12/U12w 2015"]
[Site "Willingen GER"]
[Date "2015.05.29"]
[Round "10"]
[White "Stelljes, Fabian"]
[Black "Bethke, Robert"]
[Result "0-1"]
[Termination "normal"]
[Board "25"]
[WhiteElo "1342"]
[BlackElo "1548"]
[PlyCount "100"]
[WhiteFideId "16201370"]
[BlackFideId "12959251"]
[EventCountry "GER"]
[EventRounds "11"]
[EventType "swiss"]
[EventDate "2015.05.23"]

1. e4 e5 2. Nf3 Nc6 3. Bb5 d6 4. d4 exd4 5. Nxd4 Bd7 6. O-O Nf6 7. Bxc6 Bxc6 8.
Nxc6 bxc6 9. Re1 Be7 10. Qf3 O-O 11. Bf4 Rb8 12. b3 Re8 13. Nd2 Nd7 14. Rad1
Bf6 15. Nc4 Be5 16. Bxe5 Nxe5 17. Nxe5 Rxe5 18. Qc3 Qe8 19. f3 h6 20. Qe3 Re7
21. c4 c5 22. Rd5 Re5 23. Red1 f5 24. Rxe5 Qxe5 25. Rd5 Qa1+ 26. Kf2 Qxa2+ 27.
Kg3 Qxb3 28. Qf4 Qxc4 29. Qxf5 Qb4 30. Qe6+ Kh8 31. Rh5 a5 32. Kg4 Qb2 33. g3
Qf6 34. Qc4 Rf8 35. Rf5 Qg6+ 36. Kh4 Rxf5 37. exf5 Qg5+ 38. Kh3 Qxf5+ 39. Kg2
Qc8 40. Qa4 Qa8 41. Kf2 d5 42. Qb5 a4 43. Qxc5 a3 44. Qd4 a2 45. Qa1 c5 46. Ke2
c4 47. Kd1 d4 48. Kc2 d3+ 49. Kd2 Qxf3 50. Qe5 Qf2+ 0-1

[Event "DEM U12/U12w 2015"]
[Site "Willingen GER"]
[Date "2015.05.29"]
[Round "10"]
[White "Kublanov, Elizabeth"]
[Black "Schneider, Edward"]
[Result "0-1"]
[Termination "normal"]
[Board "26"]
[WhiteElo "1563"]
[BlackElo "1395"]
[PlyCount "110"]
[WhiteFideId "12944564"]
[BlackFideId "16200870"]
[EventCountry "GER"]
[EventRounds "11"]
[EventType "swiss"]
[EventDate "2015.05.23"]

1. e4 e5 2. Nf3 Nc6 3. Bc4 Bc5 4. c3 Nf6 5. d4 exd4 6. cxd4 Bb4+ 7. Nc3 Nxe4 8.
O-O Bxc3 9. d5 Bf6 10. Re1 Ne7 11. Rxe4 d6 12. Bg5 Bxg5 13. Nxg5 h6 14. Qe2
hxg5 15. Re1 Be6 16. dxe6 f6 17. Re3 c6 18. Qd3 Qc7 19. Rh3 O-O-O 20. Rd1 d5
21. Bb3 Qe5 22. Rb1 Qxe6 23. Re3 Qd6 24. g3 Rh6 25. Rbe1 Ng6 26. Bc2 Ne5 27.
Qf5+ Kb8 28. f4 gxf4 29. gxf4 Nc4 30. Re8 a6 31. R8e2 Qc5+ 32. Kh1 Qd6 33. Rg1
Rg8 34. Rge1 Rd8 35. Rg1 Rh4 36. Rxg7 Rxf4 37. Qh7 Na5 38. Ree7 Qb4 39. Qd3 f5
40. Qg3 Ka8 41. Qg2 Qxb2 42. Re1 Rc4 43. Bxf5 Qxg2+ 44. Kxg2 d4 45. Rd1 Rc5 46.
Be4 Re5 47. Bd3 Kb8 48. Rb1 b5 49. a4 Re3 50. axb5 axb5 51. Bxb5 Rb3 52. Rxb3
Nxb3 53. Bxc6 Nc5 54. Rg5 Ne6 55. Ra5 Nf4+ 0-1

[Event "DEM U12/U12w 2015"]
[Site "Willingen GER"]
[Date "2015.05.29"]
[Round "10"]
[White "Berelowitsch, Dana"]
[Black "Rudolph, Eva"]
[Result "0-1"]
[Termination "time forfeit"]
[Board "28"]
[WhiteElo "1408"]
[BlackElo "1573"]
[PlyCount "40"]
[WhiteFideId "12977144"]
[BlackFideId "16200594"]
[EventCountry "GER"]
[EventRounds "11"]
[EventType "swiss"]
[EventDate "2015.05.23"]

1. e4 e5 2. Nf3 Nf6 3. d4 Nxe4 4. Bd3 d5 5. Nxe5 Nd7 6. Nxd7 Bxd7 7. O-O Qh4 8.
c4 Bd6 9. g3 Qf6 10. Qe2 O-O-O 11. c5 Be7 12. Be3 Ng5 13. Nc3 Nf3+ 14. Kh1 Bg4
15. Qc2 g5 16. Be2 Qh6 17. h4 Qh5 18. Kg2 gxh4 19. Rh1 h3+ 20. Kf1 h2 0-1

[Event "DEM U12/U12w 2015"]
[Site "Willingen GER"]
[Date "2015.05.29"]
[Round "10"]
[White "Bui, Ngoc Han Julia"]
[Black "Ewerhardy, Moritz"]
[Result "1-0"]
[Termination "normal"]
[Board "29"]
[WhiteElo "1596"]
[BlackElo "1337"]
[PlyCount "113"]
[WhiteFideId "12977055"]
[BlackFideId "36052086"]
[EventCountry "GER"]
[EventRounds "11"]
[EventType "swiss"]
[EventDate "2015.05.23"]

1. e4 e5 2. Nf3 Nf6 3. Nc3 Nc6 4. d4 exd4 5. Nxd4 Bb4 6. Nxc6 bxc6 7. Bd3 d5 8.
exd5 cxd5 9. O-O Bxc3 10. bxc3 O-O 11. Bg5 Qd6 12. Re1 Ng4 13. g3 Qc5 14. Qf3
Ne5 15. Rxe5 f6 16. Qxd5+ Qxd5 17. Rxd5 fxg5 18. Rxg5 Be6 19. Re5 Rfe8 20. Rae1
Bf7 21. Rxe8+ Bxe8 22. Re7 Bf7 23. Rxc7 Bxa2 24. Bc4+ Bxc4 25. Rxc4 a5 26. Ra4
Kf7 27. Kf1 Ke6 28. Ke2 Kd5 29. c4+ Kd4 30. Kd2 Kc5 31. c3 Rd8+ 32. Kc2 Re8 33.
Rxa5+ Kxc4 34. Ra4+ Kb5 35. Rd4 Re2+ 36. Rd2 Re7 37. Kb3 Rb7 38. c4+ Kc5+ 39.
Kc3 Ra7 40. Rd5+ Kc6 41. f4 Ra3+ 42. Kd4 Ra2 43. Rh5 h6 44. g4 Rf2 45. Ke3 Rc2
46. c5 Rg2 47. Kf3 Rc2 48. Re5 Rxh2 49. Ke4 Re2+ 50. Kd4 Rg2 51. Re6+ Kb5 52.
Rg6 Rf2 53. Ke5 Kxc5 54. Rxg7 Re2+ 55. Kf5 Rg2 56. Rh7 Rh2 57. g5 1-0

[Event "DEM U12/U12w 2015"]
[Site "Willingen GER"]
[Date "2015.05.29"]
[Round "10"]
[White "Brunner, Sophia"]
[Black "Schnabel, Luise"]
[Result "1-0"]
[Termination "normal"]
[Board "30"]
[WhiteElo "1553"]
[BlackElo "1458"]
[PlyCount "81"]
[WhiteFideId "12960683"]
[BlackFideId "12943347"]
[EventCountry "GER"]
[EventRounds "11"]
[EventType "swiss"]
[EventDate "2015.05.23"]

1. e4 e5 2. Nf3 Nc6 3. d4 exd4 4. Nxd4 Nf6 5. Nxc6 bxc6 6. e5 Qe7 7. Qe2 Nd5 8.
c4 Nb6 9. b3 d6 10. Bb2 Be6 11. g3 d5 12. Bg2 Qd7 13. Nd2 Bb4 14. O-O O-O 15.
Rfd1 Qe8 16. Rac1 Rc8 17. Nf3 dxc4 18. bxc4 c5 19. Qe4 Qa4 20. Ng5 g6 21. Nxe6
fxe6 22. a3 Ba5 23. Bh3 Rce8 24. Bg2 Rd8 25. Rd3 Bd2 26. Rxd8 Rxd8 27. Rc2 Qb3
28. Bf3 Qd3 29. Qxd3 Rxd3 30. Bg4 Kf7 31. Kf1 Bh6 32. Be2 Rd7 33. f4 g5 34. Bc1
gxf4 35. gxf4 Kg6 36. Bg4 Kf7 37. Be3 Rd3 38. Bxc5 Rb3 39. Bb4 Rd3 40. Rg2 Nxc4
41. Bh5# 1-0

[Event "DEM U12/U12w 2015"]
[Site "Willingen GER"]
[Date "2015.05.29"]
[Round "10"]
[White "Kirsten, Annika"]
[Black "Hassemeier, Mika"]
[Result "1-0"]
[Termination "normal"]
[Board "31"]
[WhiteElo "1267"]
[BlackElo "1658"]
[PlyCount "113"]
[WhiteFideId "12961124"]
[BlackFideId "12994880"]
[EventCountry "GER"]
[EventRounds "11"]
[EventType "swiss"]
[EventDate "2015.05.23"]

1. e4 c5 2. Nf3 e6 3. b3 a6 4. Bb2 d6 5. Be2 Nf6 6. d3 Nbd7 7. O-O Qc7 8. Nbd2
Be7 9. Re1 b5 10. Bf1 O-O 11. e5 Nd5 12. exd6 Bxd6 13. Ne4 Be7 14. Rc1 Bb7 15.
c4 bxc4 16. dxc4 N5f6 17. Bd3 Rfd8 18. Qc2 h6 19. Rcd1 Rac8 20. Rd2 Nxe4 21.
Bxe4 Bxe4 22. Rxe4 Nf6 23. Ree2 Rxd2 24. Rxd2 Rd8 25. Rxd8+ Qxd8 26. Qd2 Qb6
27. Be5 Ne4 28. Qd3 Ng5 29. Nxg5 Bxg5 30. Qg3 g6 31. h4 Be7 32. h5 g5 33. Qd3
Qa5 34. Qe2 Qd8 35. Qc2 Qa5 36. Qe2 Qd8 37. Qc2 Bd6 38. Qd2 Be7 39. Qxd8+ Bxd8
40. Bd6 Bb6 41. Kh2 a5 42. Kg3 f6 43. Kf3 Kf7 44. Ke4 Kg7 45. g3 Kf7 46. g4 Kg7
47. f3 Kf7 48. a3 Kg7 49. b4 cxb4 50. axb4 a4 51. Kd3 e5 52. c5 Bd8 53. b5 Kf7
54. b6 a3 55. Kc2 a2 56. Kb2 a1=Q+ 57. Kxa1 1-0

[Event "DEM U12/U12w 2015"]
[Site "Willingen GER"]
[Date "2015.05.29"]
[Round "10"]
[White "Wastian, Mareike"]
[Black "Buller, Ian Joshua"]
[Result "1/2-1/2"]
[Termination "normal"]
[Board "32"]
[WhiteElo "1573"]
[BlackElo "1491"]
[PlyCount "45"]
[WhiteFideId "12947423"]
[BlackFideId "12990655"]
[EventCountry "GER"]
[EventRounds "11"]
[EventType "swiss"]
[EventDate "2015.05.23"]

1. e4 c5 2. Nf3 d6 3. d4 cxd4 4. c3 Nf6 5. e5 Ng4 6. Nxd4 Nxe5 7. Bb5+ Bd7 8.
O-O e6 9. Re1 Be7 10. f4 Ng6 11. Qf3 Qb6 12. Bxd7+ Nxd7 13. Qe2 O-O 14. Be3 Qd8
15. f5 exf5 16. Nxf5 Nde5 17. Nd2 Qd7 18. Nxe7+ Qxe7 19. Rad1 b6 20. Ne4 Rad8
21. b3 Rd7 22. Rf1 f6 23. Rd5 1/2-1/2

[Event "DEM U12/U12w 2015"]
[Site "Willingen GER"]
[Date "2015.05.29"]
[Round "10"]
[White "Schille, Hannes"]
[Black "Ziegenfuß, Larissa"]
[Result "1-0"]
[Termination "normal"]
[Board "33"]
[WhiteElo "1489"]
[BlackElo "1574"]
[PlyCount "79"]
[WhiteFideId "16206053"]
[BlackFideId "12974722"]
[EventCountry "GER"]
[EventRounds "11"]
[EventType "swiss"]
[EventDate "2015.05.23"]

1. d4 Nf6 2. c4 e6 3. Nc3 Bb4 4. Bg5 d5 5. e3 O-O 6. Nf3 Nbd7 7. Qc2 Qe8 8. Bd3
dxc4 9. Bxc4 Bxc3+ 10. bxc3 h6 11. Bf4 Qd8 12. O-O Nb6 13. Bd3 Nbd5 14. Bg3 b6
15. e4 Ne7 16. Rfe1 Bb7 17. Qd2 Rc8 18. c4 Kh8 19. Rac1 c5 20. d5 exd5 21. exd5
Ra8 22. Re2 Qd7 23. Rce1 Rae8 24. Qc3 Ng6 25. Ne5 Nxe5 26. Bxe5 Nh5 27. h3 f6
28. Bh2 Rxe2 29. Rxe2 g5 30. Qe1 Ng7 31. Re7 Qc8 32. Rc7 Qb8 33. Rxg7 Kxg7 34.
Bxb8 Rxb8 35. Qe7+ Kg8 36. Qh7+ Kf8 37. Qxh6+ Ke7 38. Qg7+ Kd6 39. Qxf6+ Kd7
40. Bf5+ 1-0

[Event "DEM U12/U12w 2015"]
[Site "Willingen GER"]
[Date "2015.05.29"]
[Round "10"]
[White "Creß, Bastian"]
[Black "Eulitz, Charlotte"]
[Result "1-0"]
[Termination "normal"]
[Board "34"]
[WhiteElo "1387"]
[BlackElo "1476"]
[PlyCount "75"]
[WhiteFideId "16208846"]
[BlackFideId "12964654"]
[EventCountry "GER"]
[EventRounds "11"]
[EventType "swiss"]
[EventDate "2015.05.23"]

1. e4 e5 2. Nf3 Nc6 3. d4 exd4 4. Bc4 Nf6 5. O-O d5 6. exd5 Nxd5 7. Nxd4 Nce7
8. Bg5 h6 9. Bh4 g5 10. Bg3 Bg7 11. c3 c5 12. Nb5 a6 13. Nd6+ Kf8 14. Bxd5 Nxd5
15. Qxd5 Be6 16. Qxc5 Qe7 17. Nxb7 Qxc5 18. Nxc5 Ke7 19. Nxe6 fxe6 20. Na3 h5
21. Rfe1 Rac8 22. Be5 Rcg8 23. Bxg7 Rxg7 24. Re5 g4 25. Rae1 Rg6 26. Ra5 h4 27.
Rxa6 Rgh6 28. Re4 g3 29. h3 Rd8 30. Rd4 Rg8 31. f3 Rg5 32. Kf1 Rhh5 33. Raa4
Re5 34. Rxh4 Rhf5 35. Rhe4 Rd5 36. Ke2 Rf8 37. Rg4 Rfd8 38. Rad4 1-0